| 000 | 03822nam a22004337a 4500 | ||
|---|---|---|---|
| 005 | 20110722161823.0 | ||
| 010 | _aB-428270-287 | ||
| 020 |
_a9780143415190 _c150.00 |
||
| 035 | _aB-428270-287 | ||
| 037 | _bAllied Publishers | ||
| 082 | _a158 | ||
| 100 |
_aSirshree _930933 |
||
| 245 |
_aThe One above : _cby Sirshree _bwhat if God was your neighbour ? / |
||
| 260 |
_aNew Delhi _bPenguin Books _c2010 |
||
| 270 |
_a11 Community Centre, Panchsheel Park, _bNew Delh _e110017 |
||
| 300 | 2 |
_a391p. . _c19cm(pbk) |
|
| 500 | _aIncludes bibliographical references | ||
| 650 |
_aNovel _9904 |
||
| 942 |
_2ddc _cEN _mSIR _h158 |
||
| 999 |
_c54266 _d54266 |
||